Normal view
MARC view
- Musical fiction.
Entry Genre/Form Term
001 - CONTROL NUMBER
- control field: 12053
003 - CONTROL NUMBER IDENTIFIER
- control field: NUST
005 - DATE AND TIME OF LATEST TRANSACTION
- control field: 20180727050047.0
008 - FIXED-LENGTH DATA ELEMENTS
- fixed length control field: 180727|| aca||aabn | a|a d
040 ## - CATALOGING SOURCE
- Original cataloging agency: NUST
- Transcribing agency: NUST
155 ## - HEADING--GENRE/FORM TERM
- Genre/form term: Musical fiction.
670 ## - SOURCE DATA FOUND
- Source citation: Work cat.: (NUST)174412: Collins, Jackie. 12048, Rock star /, 1988.
